[Event "Polanica Zdroj op 60th"]
[Site "Polanica Zdroj"]
[Date "2024.08.19"]
[Round "3"]
[White "Aadith, Rajesh"]
[Black "Ochedzan, Filip"]
[Result "0-1"]
[WhiteElo "1911"]
[BlackElo "1993"]
[PlyCount "112"]
[EventDate "2024.08.17"]
[EventType "swiss"]
[EventRounds "9"]
[EventCountry "POL"]
[SourceTitle "CBM 221 Extra"]
[Source "ChessBase"]
[SourceDate "2024.09.30"]
[SourceVersion "1"]
[SourceVersionDate "2024.09.30"]
[SourceQuality "1"]

1. e4 c5 2. Nf3 d6 3. d4 cxd4 4. Nxd4 Nf6 5. Nc3 a6 6. Rg1 e5 7. Nb3 Be6 8. Bg5 Nbd7 9. Qd2 Be7 10. 0-0-0 Rc8 11. Bxf6 Nxf6 12. Kb1 Qc7 13. f3 b5 14. Qc1 Qc6 15. Bd3 b4 16. Ne2 Qb6 17. f4 a5 18. Nd2 a4 19. b3 axb3 20. axb3 Ra8 21. Qb2 Ra7 22. f5 Bd7 23. g4 Bc6 24. g5 Nd7 25. h4 Nc5 26. h5 Qb7 27. Rg4 Kd7 28. Nc4 Kc7 29. Nxe5 dxe5 30. Qxe5+ Bd6 31. Qxg7 Re8 32. Kc1 Kb8 33. Qd4 Rd8 34. e5 Be7 35. Qf4 Ra1+ 36. Kd2 Nxd3 37. cxd3 Rxd1+ 38. Kxd1 Rxd3+ 39. Kc2 Bb5 40. g6 Qd5 41. Nc1 Rc3+ 42. Kb2 Qd1 43. gxh7 Rc2+ 44. Kb1 Bd3 45. h8Q+ Kb7 46. Qxb4+ Bxb4 47. Rxb4+ Bb5 48. Qh6 Rc5 49. Qe3 Kc6 50. Rxb5 Qc2+ 51. Ka1 Rxb5 52. Qe1 Rb6 53. Qh1+ Kc7 54. Qf1 Kb7 55. Qf3+ Kb8 56. Qf1 Rb7 0-1

[Event "Veliko Gradiste Silver Lake op-A"]
[Site "Veliko Gradiste"]
[Date "2023.06.19"]
[Round "2"]
[White "Sudarshan, Bhat"]
[Black "Aadith, Rajesh"]
[Result "1-0"]
[WhiteElo "2020"]
[BlackElo "1797"]
[PlyCount "100"]
[EventDate "2023.06.18"]
[EventType "swiss"]
[EventRounds "9"]
[EventCountry "SRB"]
[SourceTitle "CBM 215 Extra"]
[Source "ChessBase"]
[SourceDate "2023.09.30"]
[SourceVersion "1"]
[SourceVersionDate "2023.09.30"]
[SourceQuality "1"]

1. e4 c5 2. c3 Nf6 3. e5 Nd5 4. Nf3 d6 5. exd6 Qxd6 6. d4 Bg4 7. Be2 Nc6 8. Na3 e6 9. 0-0 Be7 10. Nb5 Qd7 11. c4 Nf6 12. d5 Bxf3 13. Bxf3 Ne5 14. dxe6 Nxf3+ 15. Qxf3 fxe6 16. Rd1 Qc8 17. Bf4 0-0 18. Nc7 Rb8 19. Qe3 Nh5 20. Nxe6 Nxf4 21. Nxf4 Bf6 22. Nd5 b6 23. Nxf6+ Rxf6 24. Rd2 Qg4 25. b3 Re6 26. Qg3 Rbe8 27. f3 Qxg3 28. hxg3 Re1+ 29. Rxe1 Rxe1+ 30. Kf2 Re7 31. g4 Kf7 32. Rd5 h6 33. a4 Ke6 34. a5 g5 35. a6 Re8 36. g3 Rf8 37. Rd1 Ke7 38. Ke3 Ke6 39. f4 Re8 40. Kf3 Rf8 41. Rh1 Rf6 42. Ke4 Kd6 43. f5 Ke7 44. Ke5 Rd6 45. Rh2 Rf6 46. Rd2 Rc6 47. f6+ Rxf6 48. Rd7+ Kxd7 49. Kxf6 Kd6 50. Kg6 Ke6 1-0